000 01083nam a2200265Ia 4500
001 ebr2001502
003 CaPaEBR
006 m u
007 cr cn|||||||||
008 030216s1999 mau s 000 0 eng d
020 _z1582181306
040 _aCaPaEBR
_cCaPaEBR
035 _a(OCoLC)70722388
050 1 4 _aE83.67
_b.C573 1999eb
100 1 _aChurch, Benjamin,
_d1639-1718.
245 1 4 _aThe History of Philip's War
_h[electronic resource] :
_bcommonly called the Great Indian War of 1675 & 1676 /
_cBenjamin Chursh.
260 _aScituate, MA :
_bDigital Scanning Inc.,
_cc1999.
300 _a365 p.
533 _aElectronic reproduction.
_bPalo Alto, Calif. :
_cebrary,
_d2009.
_nAvailable via World Wide Web.
_nAccess may be limited to ebrary affiliated libraries.
650 0 _aKing Philip's War, 1675-1676.
651 0 _aAmerica
_xDiscovery and exploration.
655 7 _aElectronic books.
_2local
710 2 _aebrary, Inc.
856 4 0 _uhttp://site.ebrary.com/lib/rucke/Doc?id=2001502
_zAn electronic book accessible through the World Wide Web; click to view
999 _c127559
_d127559